| 000 | 00787nam a2200253 a 4500 | ||
|---|---|---|---|
| 001 | BRCA_5413 | ||
| 005 | 20190320205051.0 | ||
| 008 | 101210s1944----mx-a######---#000-0#spa-# | ||
| 041 | _aspa | ||
| 044 | _amx | ||
| 050 | 4 |
_aND553 _b.P53 1944 |
|
| 245 | 1 | 0 |
_aPicasso _cSociedad de Arte Moderno. |
| 260 |
_aMéxico _bSociedad de Arte Moderno _c1944 |
||
| 300 |
_a72 p. _bil., 31 láminas _c27 cm. |
||
| 500 | _a1a exposición de la Sociedad de Arte Moderno realizada en México en el mes de junio de 1944 | ||
| 500 | _aIncluye catálogo de obras | ||
| 500 | _aE135 | ||
| 600 | 1 | 4 |
_aPicasso, Pablo _d1881-1973 _94496 |
| 650 | 1 | 4 |
_aExposición _xDeclaraciones _913832 |
| 650 | 1 | 4 |
_aPintura italiana _910312 |
| 710 | 2 |
_aSociedad de Arte Moderno _913833 |
|
| 902 | _aGFM | ||
| 942 |
_2lcc _cB |
||
| 999 |
_c5107 _d5107 |
||